000 00584nam a22001817a 4500
003 OSt
005 20251106055839.0
008 251106b |||||||| |||| 00| 0 eng d
020 _a0-06-0987537.
040 _aDWCL-Main lib
_cOC
082 _aCirc. 150.19 G824 1999
100 _aGrief, B.
245 _aA life worth living :
_bthe 9 essentials
_cGrief, Barrie S.
260 _aNew York :
_bRegan Books,
_c c1999.
300 _axxxix, 215 pages ;
_c21 cm.
650 _2Conduct of life.
942 _2ddc
_cBK-CIRC
_hCirc. 150.19 G824 1999
_kCirc.
_n0
999 _c5583
_d5583